LEADER 01474nam a2200313 i 4500 001 000000134387 003 CaOOAMICUS 005 20050203000000.0 008 050203s2004 it u000 u ita u 013 $a107555 020 $a88-540-0168-6 040 $aSeMil$bita 100 1 $aCattaneo, Marco.$0(OLS)http://semarc/name/54961 240 03$aIl patrimonio mondiale dell'Unesco con il pastorale.$0(OLS)http://semarc/title/196635 245 10$aAntiche Civiltà /$cTesti di Marco Cattaneo [e] Jasmina Trifoni ; progetto grafico [di] Patrizia Balocco Lovisetti ; realizzazione grafica [a cura di] Maria Cucchi. 260 $aVercelli :$bWhite Star,$ccopyr. 2004. 300 $a400 p. :$bill. ;$c37 cm. 490 0 $aIl patrimonio mondiale dell'UNESCO 650 4$aCiviltà - Monumenti.$0(OLS)http://semarc/subject/1721 700 1 $aCucchi, Maria.$0(OLS)http://semarc/name/54964 700 1 $aBalocco Lovisetti, Patrizia.$0(OLS)http://semarc/name/54963 700 1 $aTrifoni, Jasmina.$0(OLS)http://semarc/name/54962 830 3$aIl patrimonio mondiale dell'UNESCO.$0(OLS)http://semarc/title/28367 850 $aSeMil 852 $aSeMil$W1$xVenegono$y1$m5V XI 11$j88143$B88143$CSeMilBibl$Z2$F93231 $8I 961 $aLascito: Brambilla don Gianfranco 996 $6020$a88-540-0168-6$9(OLS)http://semarc/number/121591 996 $6245$aAntiche Civiltà$9(OLS)http://semarc/title/196636 996 $6260$aVercelli :$bWhite Star$9(OLS)http://semarc/publisher/35513 LEADER 01120nam a2200253 i 4500 001 000000068872 003 CaOOAMICUS 005 20100811000000.0 008 100811s1947 it u000 u ita u 013 $a40044 040 $aSeMil$bita 100 1 $aOmodeo, Adolfo,$d<1889-1946>.$0(OLS)http://semarc/name/5560 245 10$aGiovanni Calvino e la riforma in Ginevra /$cAdolfo Omodeo ; opera postuma a cura di B. Croce. 260 $aBari :$bLaterza,$c1947. 300 $a153 p. ;$c21 cm. 490 0 $aBiblioteca di cultura moderna ;$v426 600 14$aCalvino, Giovanni .$0(OLS)http://semarc/subject/3437 650 4$aCalvinismo.$0(OLS)http://semarc/subject/13635 700 1 $aCroce, Benedetto,$d<1866-1952>.$0(OLS)http://semarc/name/618 830 0$aBiblioteca di cultura moderna ;$v426.$0(OLS)http://semarc/title/639 850 $aSeMil 852 $aSeMil$W1$xVenegono$y1$m2O IV 158$j35025$B35025$CSeMilBibl$Z2$F35028 $81 996 $6245$aGiovanni Calvino e la riforma in Ginevra$9(OLS)http://semarc/title/110139 996 $6260$aBari :$bLaterza$9(OLS)http://semarc/publisher/29858